The three little pigs (Record no. 2440)

MARC details
000 -LEADER
fixed length control field 00917pam a2200289 a 4500
005 - DATE AND TIME OF LATEST TRANSACTION
control field 20250709094715.0
020 ## - INTERNATIONAL STANDARD BOOK NUMBER
International Standard Book Number 9780590457811
040 ## - CATALOGING SOURCE
Original cataloging agency DLC
Transcribing agency DLC
Modifying agency DLC
Language of cataloging eng
050 00 - LIBRARY OF CONGRESS CALL NUMBER
Classification number PZ8.M3554
082 00 - DEWEY DECIMAL CLASSIFICATION NUMBER
Classification number 398.24529633
100 1# - MAIN ENTRY--PERSONAL NAME
Personal name Marshall, James
245 14 - TITLE STATEMENT
Title The three little pigs
Statement of responsibility, etc. By James, Marshall
250 ## - EDITION STATEMENT
Edition statement First Scholastic printing , March 1992
260 ## - PUBLICATION, DISTRIBUTION, ETC.
Place of publication, distribution, etc. New York
Date of publication, distribution, etc. 1989
300 ## - PHYSICAL DESCRIPTION
Extent 29 unnumbered pages :
Other physical details Color illustrations ;
Dimensions 27 cm
505 ## - FORMATTED CONTENTS NOTE
Formatted contents note N <br/>
520 ## - SUMMARY, ETC.
Summary, etc. Retells the familiar tale in which one of three brother pigs survives a wolf's attacks by using his head and planning well.
521 ## - TARGET AUDIENCE NOTE
Target audience note 560 <br/>
Source Lexile <br/>
521 ## - TARGET AUDIENCE NOTE
Target audience note N <br/>
Source Raz-Plus <br/>
650 #1 - SUBJECT ADDED ENTRY--TOPICAL TERM
Topical term or geographic name entry element Pigs
Form subdivision Folklore.
650 #1 - SUBJECT ADDED ENTRY--TOPICAL TERM
Topical term or geographic name entry element Wolves
Form subdivision Folklore.
650 #1 - SUBJECT ADDED ENTRY--TOPICAL TERM
Topical term or geographic name entry element Folklore.
700 1# - ADDED ENTRY--PERSONAL NAME
Personal name Marshall, James
Relator term illustrator
906 ## - LOCAL DATA ELEMENT F, LDF (RLIN)
a 7
b cbc
c orignew
d 1
e ocip
f 19
g y-gencatlg
942 ## - ADDED ENTRY ELEMENTS (KOHA)
Source of classification or shelving scheme Dewey Decimal Classification
Koha item type Books
Suppress in OPAC No
999 ## -
-- 2440
-- 2440
Holdings
Withdrawn status Lost status Source of classification or shelving scheme Damaged status Not for loan Collection Home library Current library Shelving location Date acquired Total Checkouts Full call number Barcode Date due Date last seen Date last checked out Copy number Price effective from Koha item type
    Dewey Decimal Classification     Juvenile Fiction Footprints International School Library Network Toul Kork Campus Footprints International School Library Network Toul Kork Campus TK Primary Library Room(4th Floor), Bookcase 3&4, Shelves 17-32, Yellow Books 07/09/2025   MAR Fic PZ8.M3554 FISBK00627   07/09/2025   2 07/09/2025 Books
    Dewey Decimal Classification     Juvenile Fiction Footprints International School Library Network Toul Tom Poung Campus Footprints International School Library Network Toul Tom Poung Campus TTP Primary Yellow Bookshelves 12/07/2023 1 MAR Fic PZ8.M3554 FIS02008 04/10/2026 03/27/2026 03/27/2026 1 12/07/2023 Books